01005cam a22003374i 4500003000900000005001700009008004100026035002000067040003300087082002000120245015100140264005900291300003700350336002100387337002500408338002300433490004300456505005600499526001000555526001000565526001000575526001000585526000800595526000800603526000800611526000800619526000800627526000800635526000800643650001600651PE-LiUPU20250731172925.0170508s ncu r 0n0 0 eng d a(Sirsi) a203931 aPE-LiUPUbspacPE-LiUPUerda04a230.42bT4622014aThe five points of Calvinism in series of letters /cHoratius Bonar, Andrew Fuller, John Calvin, John Gill, Thomas Goodwin [and] Jonathan Edwards. 1aWilmington, Del. :b Classic-a-month books, c [196-?] a177 páginas ;c19 centimetros. atext2rdacontent aunmediated2rdamedia avolume2rdacarrier0 aPuritan classics in paperback ;v PB 50 aLos cinco puntos del Calvinismo en serie de letras. aSEG42 aSEG41 aSEG40 aSEG39 aP94 aP87 aP86 aP85 aP77 aP76 aP3514aCalvinismo.